000
003210000a22001330004500
003
MACL
040
_a
MACL
090
_c
7129
_d
7128
100
_a
Ranganathananda, Swami
245
_a
The Indian Ideal Of Womanhood
260
_b
The Ramakrishna Mission Institute Of Culture
_c
1966
650
_a
Religion
942
_c
BOOK
_k
294
999
_c
7082
_d
7082